00256 a2200109 450000100060000008200150000610000220002124500530004325000060009626000220010230000220012456633 a670.42 KAL aKalpakjian Serope aManufacturing engineering and technology, 5th Ed a5 aNJbPearsonc2006 axxiv, 1295 p.bHb